| 000 | 00455nmm a2200157Ia 4500 | ||
|---|---|---|---|
| 008 | 251105s9999||||xx |||||||||||||||||und|| | ||
| 020 | _a9789580612407 | ||
| 041 | _aspa | ||
| 100 | _aEdilsen Hurtado P., Zulma | ||
| 245 | 0 | _aDe Ángeles y flores azules | |
| 264 |
_a[Bogotá, Colombia] : _bOveja Negra, _c2014 |
||
| 300 | _a160 páginas | ||
| 650 | _aLatin American narrative | ||
| 856 | _uhttps://public.digitaliapublishing.com/a/37811 | ||
| 942 | _cCF | ||
| 999 |
_c94900 _d94900 |
||